Statistics for RWBY- Every Named Character

Click here to take the quiz!

General Stats

  • This quiz has been taken 489 times
    (96 since last reset)
  • The average score is 39 of 101

Answer Stats

Name% Correct
Ruby Rose
97%
Yang Xiao-Long
91%
Weiss Schnee
91%
Blake Belladonna
88%
Jaune Arc
86%
Prof. Ozpin (deceased- 80AW)
83%
Lie Ren
81%
Spc. Winter Schnee
79%
Salem
79%
Cinder Fall, the Fall Maiden.
79%
Pyrrha Nikos (deceased- 80AW)
78%
Raven Branwen, the Spring Maiden
78%
Prof. Qrow Branwen
78%
Eleanor 'Nora' Valkyrie
76%
Taiyang Xiao-Long
74%
Roman Torchwick (deceased- 80AW)
73%
Mercury Black
72%
Summer Rose (deceased- 67AW)
71%
Neopolitan
71%
Sun Wukong
67%
Gen. James 'Jimmy' Ironwood
67%
Prof. Peter Port
65%
Prof. Glynda Goodwitch
65%
Oscar Pine
63%
High Leader Adam Taurus (deceased-81AW)
63%
Whitley Schnee
60%
Emerald Sustrai
59%
Chmn. Jacques Schnee (née Gelée)
56%
Coco Adel
55%
Penny Polendina (deceased- 80AW)
55%
Kali Belladonna
54%
Mayor Ghira Belladonna
51%
Tyrian Callows
50%
Cardin Winchester
50%
Dr. Bartholomew 'Bartie' Oobleck
50%
Dr. Arthur Watts
50%
Maria Calavera/The Grimm Reaper
45%
Amber, the Fall Maiden (deceased- 80AW)
42%
Ozma (deceased- unknown EG)
42%
Prof. Leonardo 'Leo' Lionheart (deceased- 81AW)
41%
Velvet Scarlatina
40%
High Leader Sienna Khan (deceased- 81AW)
38%
Neptune Vasilias
38%
Zwei
38%
Fox Alistair
38%
Sky Lark
36%
Hei 'Junior' Xiong
35%
Vernal (deceased - 81AW)
33%
Spc Opr. Caroline 'Cordo' Cordoven
33%
Terra Cotta-Arc
33%
Flynt Coal
33%
Scarlet David
32%
Neon Katt
31%
Li Ren (deceased- unknown AW)
29%
Yatsuhashi Daichi
29%
Ilia Amitola
29%
An Ren (deceased- unknown AW)
27%
Jinn
27%
Hazel Rainart
27%
Sage Ayana
26%
Dove Bronzewing
26%
Melanie Malachite
26%
Adrian Cotta-Arc
26%
Fennec Albain (deceased- 81AW)
24%
Corsac Albain
24%
Saphron 'Saph' Cotta-Arc
24%
Ciel Soleil
23%
Russel Thrush
23%
Tukson (deceased- 80AW)
21%
Miltiades 'Miltia' Malachite
21%
Dee (deceased-81AW)
19%
Brawnz Ni
18%
May Zedong
18%
Tock (deceased-unknown AW)
18%
Reese Chloris
17%
Marcus Black (deceased- 79AW)
17%
Roy Stallion
17%
Arslan Altan
17%
Klein Sieben
17%
Bolin Hori
14%
Shay D. Mann (presumed deceased- 81AW)
14%
Dudley
14%
Henry Marigold
14%
Dew Gayl
14%
Nebula Violette
13%
Gwendolyne 'Gwen' Darcy
12%
Nadir Shiko
12%
Elizabeth 'Lisa' Lavender
12%
Nolan Porfirio
12%
Trifa
12%
Octavia Ember
12%
Yuma
10%
Deery
9%
Perry
9%
Dr. Merlot
8%
Nicholas Schnee (deceased- unknown AW)
6%
Mata
5%
Cyril Ian
4%
Saber Rodentia
3%
Matte Skye
1%
Bartleby Brunswick (deceased unknown-AW)
1%

Score Distribution

Percentile by Number Answered

Percent of People with Each Score

Your Score History

You have not taken this quiz since the last reset